Central Library and Information Centre
Sibsagar Girls' College, Sivasagar : Assam

BHABENDRA SAIKIAR UPANYAS SAMAGRA (Record no. 2877)

MARC details
000 -LEADER
fixed length control field 00410cam a2200169ua 4500
008 - FIXED-LENGTH DATA ELEMENTS--GENERAL INFORMATION
fixed length control field 131128n II |||gr||||Z||||||asm
040 ## - CATALOGING SOURCE
Original cataloging agency MAIN
041 ## - LANGUAGE CODE
-- English
082 ## - DEWEY DECIMAL CLASSIFICATION NUMBER
Classification number 891.45131 SAI
100 ## - MAIN ENTRY--PERSONAL NAME
Personal name SAIKIA, BHABENDRA NATH.
245 ## - TITLE STATEMENT
Title BHABENDRA SAIKIAR UPANYAS SAMAGRA
260 ## - PUBLICATION, DISTRIBUTION, ETC.
Place of publication, distribution, etc. DIBRUGARH:
Name of publisher, distributor, etc. BANALATA.,
Date of publication, distribution, etc. 2006.
300 ## - PHYSICAL DESCRIPTION
Extent 404:
Dimensions 23CM.
942 ## - ADDED ENTRY ELEMENTS (KOHA)
Koha item type Books
653 ## - INDEX TERM--UNCONTROLLED
Uncontrolled term Asomiya Novels
Holdings
Withdrawn status Lost status Damaged status Not for loan Collection code Home library Current library Shelving location Date acquired Full call number Barcode Date last seen Copy number Price effective from Koha item type
        REFASM Central Library and Information Centre Sibsagar Girls College Central Library and Information Centre Sibsagar Girls College   01.08.2006 891.45131 SAI 21076 27.02.2020 1 27.02.2020 Books


Sibsagar Girl's College © 2020. All rights reserved.
Powered by Koha.
Maintained by Abhijit Borpuzari.